[Event "30th Liechtenstein Open 2012"]
[Site "Triesen LIE"]
[Date "2012.05.16"]
[Round "6.4"]
[White "Grabher,H"]
[Black "Farago,I"]
[Result "0-1"]
[WhiteElo "2246"]
[BlackElo "2500"]

1.e4 c5 2.Nf3 e6 3.d4 cxd4 4.Nxd4 a6 5.Nc3 Qc7 6.Bd3 Nc6 7.Nxc6 bxc6 8.Qe2 Bd6
9.h3 Ne7 10.Qh5 Ng6 11.O-O O-O 12.Ne2 Ne5 13.f4 Nxd3 14.cxd3 f5 15.Be3 c5
16.e5 Be7 17.Nc3 d6 18.d4 dxe5 19.dxe5 Bb7 20.Qe2 c4 21.Rfd1 Qc6 22.Rd2 Rad8
23.Rad1 Rxd2 24.Rxd2 Rd8 25.Rxd8+ Bxd8 26.Qd2 Be7 27.Kh2 Kf7 28.Kg3 h6 29.Kh2 Bh4
30.Kg1 Bd8 31.Qf2 g5 32.Qe2 Kg6 33.Qd2 gxf4 34.Bxf4 Bb6+ 35.Kh2 Qc5 36.Qe1 Qf2
37.Qxf2 Bxf2 38.Ne2 Be4 39.Bd2 Bd3 40.Nf4+ Kf7 41.Bc3 Be4 42.Ne2 Bd5 43.g4 fxg4
44.hxg4 Bf3 45.Bd4 Be1 46.Bc3 Bf2 47.Bd4 Bxd4 48.Nxd4 Bxg4 49.Kg3 h5 50.Nc6 Ke8
51.a4 Kd7 52.Nb8+ Kc7 53.Nxa6+ Kb6 54.Nb8 Ka5 55.Nc6+ Kxa4 56.Nd4 Kb4 57.Kf4 Kc5
58.Nc2 Bd1 59.Ne3 Be2 60.Nc2 h4  0-1

[Event "30th Liechtenstein Open 2012"]
[Site "Triesen LIE"]
[Date "2012.05.16"]
[Round "6.3"]
[White "Dgebuadze,A"]
[Black "Wagner,De"]
[Result "1/2-1/2"]
[WhiteElo "2558"]
[BlackElo "2424"]

1.e4 c5 2.Nf3 e6 3.d4 cxd4 4.Nxd4 a6 5.Nc3 Qc7 6.g3 Bb4 7.Bd2 Nc6 8.Nxc6 dxc6
9.Qg4 Bf8 10.f4 Nf6 11.Qf3 e5 12.f5 h5 13.h3 b5 14.O-O-O Bb7 15.Bg5 Be7 16.Kb1 a5
17.g4 a4 18.a3 Qa5 19.Bd2 b4 20.g5 Nh7 21.Na2 c5 22.h4 O-O-O 23.Bh3 Kb8 24.Qg3 f6
25.Rhe1 Qb6 26.g6 Nf8 27.Bf1 Nd7 28.Bc4 Qc7 29.Be6 Nb6 30.axb4 cxb4 31.Bxb4 Rxd1+
32.Rxd1 Bxe4 33.Qf2 Kb7 34.Bxe7 Qxe7 35.Nc3 Bc6 36.Qe2 Qb4 37.Nd5  1/2-1/2

[Event "ch-CZE 2012"]
[Site "Kouty nad Desnou CZE"]
[Date "2012.05.17"]
[Round "6"]
[White "Sikora,J"]
[Black "Svobodova,M"]
[Result "1-0"]
[WhiteElo "2222"]
[BlackElo "2094"]

1.e4 c5 2.Nc3 e6 3.Nf3 a6 4.d4 cxd4 5.Nxd4 Qc7 6.g3 Bb4 7.Ne2 Nf6 8.Bg2 Be7
9.a4 Nc6 10.O-O d6 11.h3 Bd7 12.Be3 h6 13.Qd2 Rg8 14.b3 g5 15.a5 Nxa5 16.Na4 Bxa4
17.Rxa4 Nc6 18.Nd4 Nxd4 19.Bxd4 Nd7 20.Rc4 Qd8 21.Qe2 Rc8 22.Rd1 b5 23.Rc3 Rxc3
24.Bxc3 Qc7 25.Qd2 h5 26.Ba5 Qc8 27.c4 bxc4 28.bxc4 g4 29.h4 Rg6 30.Qa2 Kf8
31.Bb4 e5 32.Bd2 Kg7 33.Be3 Qc6 34.Rb1 Kg8 35.Qb3 Nc5 36.Qb8+ Kg7 37.Rb6 Qa4
38.Bxc5 dxc5 39.Qxe5+ Bf6 40.Qxc5 Qa1+ 41.Bf1 a5 42.Rb8 Kh6 43.Rb5 Bd4 44.Qxh5+ Kg7
45.Rb8 Bxf2+ 46.Kg2 Rh6 47.Qg5+ Rg6 48.Qd8 Kh7 49.h5 Re6 50.Qg8+ Kh6 51.Qf8+ Kxh5
52.Qxf7+ Rg6 53.Qh7+ Kg5 54.Qh4+  1-0

[Event "ch-CZE 2012"]
[Site "Kouty nad Desnou CZE"]
[Date "2012.05.17"]
[Round "6"]
[White "Olsarova,T"]
[Black "Adamek,J"]
[Result "1/2-1/2"]
[WhiteElo "2209"]
[BlackElo "2320"]

1.e4 c5 2.Nf3 e6 3.d4 cxd4 4.Nxd4 a6 5.Nc3 Qc7 6.Bd3 Nf6 7.O-O b5 8.Re1 d6
9.Qe2 Bb7 10.Bd2 Nbd7 11.b4 Ne5 12.a4 bxa4 13.Nxa4 d5 14.exd5 Nxd3 15.dxe6 Nxe1
16.exf7+ Kxf7 17.Qe6+ Kg6 18.Qf5+  1/2-1/2

[Event "HC Andersen Mindgames"]
[Site "Odense DEN"]
[Date "2012.05.18"]
[Round "4.15"]
[White "Johansen,J"]
[Black "Wilton,L"]
[Result "0-1"]
[WhiteElo "1967"]
[BlackElo "2151"]

1.e4 c5 2.Nf3 e6 3.d4 cxd4 4.Nxd4 a6 5.Nc3 d6 6.Bc4 Nf6 7.Bg5 b5 8.Bb3 Bb7
9.O-O Nbd7 10.a3 Nc5 11.Ba2 Be7 12.Re1 O-O 13.e5 dxe5 14.Rxe5 Qc7 15.Qe2 Bd6
16.Bxf6 gxf6 17.Qg4+ Kh8 18.Rh5 Rg8 19.Qh4 Rxg2+ 20.Kf1 Rg7 21.Qxf6 Be7 22.Qe5 Bd6
23.Qf6 Rg8 24.Ke2 Be7 25.Qe5 Qxe5+ 26.Rxe5 Rg5 27.Rxg5 Rxg5 28.Rd1 Kg7 29.b4 Ne4
30.Nxe4 Bxe4 31.c4 Bg6 32.c5 Bh5+ 33.f3 Rg2+ 34.Kf1 Rxa2 35.c6 Bd8 36.Nb3 Bc7
37.Rd7 Bxh2 38.Nc5 Bxf3 39.Nxe6+ Kf6 40.Nd8 Bg2+ 41.Ke1 Bg3+ 42.Kd1 Bxc6
43.Nxc6 Kg6 44.Ne7+ Kf6 45.Nc6 Rxa3 46.Nd8 h5 47.Rxf7+ Kg6 48.Rd7 h4 49.Ne6 h3  0-1

[Event "21st CRO-Cup"]
[Site "Sibenik CRO"]
[Date "2012.05.18"]
[Round "4.44"]
[White "Katavic,B"]
[Black "Plenca,J"]
[Result "0-1"]
[WhiteElo "2185"]
[BlackElo "2326"]

1.e4 c5 2.Nc3 e6 3.Nf3 a6 4.d4 cxd4 5.Nxd4 b5 6.Bd3 Qb6 7.Nb3 Qc7 8.f4 d6
9.Be3 Nf6 10.a3 Be7 11.O-O Nbd7 12.Be2 Bb7 13.Bf3 Rc8 14.Rf2 Nb6 15.Nd2 e5
16.f5 O-O 17.Bxb6 Qxb6 18.Nd5 Nxd5 19.exd5 Bg5 20.Kf1 Be3 21.Re2 Bxd2 22.Qxd2 Rc4
23.f6 Rf4 24.fxg7 Rc8 25.Re4 Rc4 26.Rae1 Qc5 27.Rxc4 Qxc4+ 28.Kg1 Qd4+ 29.Qe3 Bxd5
30.c3 Qxe3+ 31.Rxe3 Bxf3 32.gxf3 Rc4 33.Rd3 Rc6 34.f4 Kxg7 35.Kf2 Rc4 36.fxe5 dxe5
37.Kg3 Rc6 38.Rd7 Kg6 39.Rd5 f6 40.Rd7 h6 41.Rd8 Kf5 42.Rh8 Rd6 43.Rxh6 Rd3+
44.Kf2 Rd2+ 45.Ke3 Rxb2 46.a4 bxa4 47.Rh4 a3 48.Ra4 a2 49.h4 Rh2 50.Kd3 Rh3+
51.Kc2 Rxh4 52.Rxa6 Rh1  0-1

[Event "6th Wunsiedel Open"]
[Site "Wunsiedel GER"]
[Date "2012.05.18"]
[Round "3"]
[White "Schindler,V1"]
[Black "Wegerle,J"]
[Result "0-1"]
[WhiteElo "2155"]
[BlackElo "2445"]

1.e4 c5 2.Nf3 e6 3.d4 cxd4 4.Nxd4 a6 5.Nc3 b5 6.Bd3 Bb7 7.O-O Qc7 8.Kh1 Nf6
9.Qe2 b4 10.Nd1 Nc6 11.Nxc6 Qxc6 12.f3 Be7 13.Ne3 Qc7 14.Re1 O-O 15.Nf1 a5
16.e5 Nd5 17.f4 f5 18.h3 a4 19.Ng3 a3 20.b3 Bh4 21.Kh2 Nc3 22.Qe3 Qc6 23.Rg1 Be7
24.Qf2 Nd5 25.Bd2 Bc5 26.Qe2 Bxg1+ 27.Rxg1 Ba6 28.Nh5 Bxd3 29.Qxd3 Rac8 30.Qg3 Rf7
31.Nf6+ Nxf6 32.exf6 Rxf6 33.Bxb4 Qxc2 34.Bxa3 Qxa2 35.Bd6 Qe2 36.b4 Rg6
37.Qa3 h6 38.Qa7 Qe4 39.Bc7 Qxb4  0-1

[Event "Open Hradec Kralove 2012"]
[Site "Hradec Kralove CZE"]
[Date "2012.05.19"]
[Round "9"]
[White "Pulpan,J"]
[Black "Braun,Mare"]
[Result "1/2-1/2"]
[WhiteElo "2058"]
[BlackElo "2167"]

1.e4 c5 2.Nf3 e6 3.d4 cxd4 4.Nxd4 a6 5.Nc3 Qc7 6.Be2 Nf6 7.f4 Bb4 8.O-O Bxc3
9.bxc3 Nxe4 10.Bd3 Nf6 11.Ba3 Qxc3 12.Nb3 d5 13.Rf3 Qc7 14.Rg3 g6 15.Qd2 Nbd7
16.Re1 b6 17.Qb4 Nf8 18.Qd4 N8d7 19.Qb4  1/2-1/2

[Event "30th Liechtenstein Open 2012"]
[Site "Triesen LIE"]
[Date "2012.05.19"]
[Round "9.3"]
[White "Van der Weide,K"]
[Black "Wagner,De"]
[Result "1/2-1/2"]
[WhiteElo "2456"]
[BlackElo "2424"]

1.e4 c5 2.Nf3 e6 3.d4 cxd4 4.Nxd4 a6 5.Nc3 Qc7 6.Bd3 Nf6 7.Qe2 Bd6 8.Bd2 Nc6
9.Nxc6 dxc6 10.g3 e5  1/2-1/2

[Event "Serbia Cup Final 2012"]
[Site "Kragujevac SRB"]
[Date "2012.05.20"]
[Round "7"]
[White "Brankovic,De"]
[Black "Markus,Rob"]
[Result "0-1"]
[WhiteElo "2357"]
[BlackElo "2628"]

1.e4 c5 2.Nf3 e6 3.d4 cxd4 4.Nxd4 a6 5.Nc3 b5 6.Bd3 Qb6 7.Nb3 Qc7 8.O-O Bb7
9.f4 b4 10.Ne2 Nf6 11.e5 Nd5 12.Kh1 d6 13.c4 bxc3 14.Nxc3 Nxc3 15.bxc3 Nd7
16.Qh5 dxe5 17.fxe5 Nxe5 18.Bc2 Bd6 19.Bf4 g6 20.Qh4 O-O 21.Rad1 Bd5 22.Bh6 Be7
23.Qg3 Rfc8 24.Rd4 Bd6 25.Qh4 f5 26.Rxd5 exd5 27.Nd4 Bf8 28.Bxf8 Rxf8 29.Ne6 Qxc3
30.Bb3 Nc4 31.Nxf8 Rxf8 32.Qe7 Qe3 33.Qd7 Qe4 34.Rd1 Re8 35.h3 Re5 36.Qd8+ Kg7
37.Bxc4 Qxc4  0-1

[Event "71st ch-GEO 2012"]
[Site "Tbilisi GEO"]
[Date "2012.05.20"]
[Round "7"]
[White "Shanava,K"]
[Black "Quparadze,G"]
[Result "1-0"]
[WhiteElo "2589"]
[BlackElo "2471"]

1.e4 c5 2.Nf3 a6 3.Nc3 e6 4.d4 cxd4 5.Nxd4 b5 6.Bd3 Qb6 7.Nb3 Qc7 8.O-O Nf6
9.Be3 Bb7 10.f4 d6 11.e5 dxe5 12.fxe5 Nd5 13.Nxd5 Bxd5 14.a4 b4 15.Qe2 Be7
16.Rxf7 Nc6 17.Rxg7 Qxe5 18.Rg3 h5 19.Qd2 h4 20.Bf4 Qf6 21.Rg5 Bxb3 22.Bg6+ Kf8
23.Rf1 Bc4 24.Rf2 Nd4 25.Bd6 Nf5 26.Bxf5  1-0

[Event "Caissa IM May 2012"]
[Site "Kecskemet HUN"]
[Date "2012.05.22"]
[Round "4.5"]
[White "Xu Huahua"]
[Black "Galyas,M"]
[Result "1/2-1/2"]
[WhiteElo "2168"]
[BlackElo "2403"]

1.e4 c5 2.Nf3 e6 3.d4 cxd4 4.Nxd4 a6 5.Nc3 Qc7 6.g3 Bb4 7.Ne2 Nf6 8.Bg2 Be7
9.O-O d6 10.h3 Nc6 11.a4 b6 12.g4 Bb7 13.Ng3 h6 14.f4 Nd7 15.Nce2 g5 16.c4 gxf4
17.Bxf4 Nde5 18.Rc1 Bg5 19.Qd2 Bxf4 20.Nxf4 Na5 21.Qe2 Qc5+ 22.Kh1 Nac6 23.Nd5 O-O-O
24.Rc3 Kb8 25.Ne3 Rc8 26.Nc2 Nd4 27.Nxd4 Qxd4 28.Rd1 Qc5 29.Nh5 Qb4 30.a5 bxa5
31.Rdc1 Rc7 32.b3 Rhc8 33.Nf6 Ka8 34.Qe3 a4 35.bxa4 Rxc4 36.Rxc4 Rxc4 37.Rxc4 Nxc4
38.Qxh6 Qe1+ 39.Kh2 Qf2 40.Qf8+ Ka7 41.Nd7 Qf4+ 42.Kh1 Qc1+ 43.Kh2 Qf4+  1/2-1/2

[Event "Orlova Open 2012"]
[Site "Orlova CZE"]
[Date "2012.05.23"]
[Round "3.5"]
[White "Vesselovsky,S"]
[Black "Szotkowski,J"]
[Result "1-0"]
[WhiteElo "2365"]
[BlackElo "2063"]

1.e4 c5 2.Nf3 e6 3.d4 cxd4 4.Nxd4 a6 5.Nc3 Qc7 6.g3 Nf6 7.Bg2 Nc6 8.O-O Be7
9.Re1 O-O 10.Nxc6 bxc6 11.e5 Nd5 12.Na4 f6 13.c4 Nb6 14.Bf4 Qd8 15.Rc1 Nxa4
16.Qxa4 fxe5 17.Rxe5 Bd6 18.Bg5 Qc7 19.Re2 Rb8 20.c5 Be5 21.b3 Rf5 22.Bd2 Rb5
23.Be4 Rf7 24.Bd3 g6 25.Qe4 Bg7 26.Bf4 Rxf4 27.Qxf4 Qxf4 28.gxf4 Rb4 29.Rc4 a5
30.Ree4 Rxc4 31.Bxc4 Bf8 32.Re5 Bg7 33.Kg2 Bxe5 34.fxe5 g5 35.Kg3 Kg7 36.Kg4 Kg6
37.Bd3+ Kh6 38.h4 gxh4 39.Kxh4 Bb7 40.f4 Bc8 41.f5 exf5 42.Bxf5 Kg7 43.Kg5 Kf7
44.Kh6 Ke7 45.Kxh7 Ba6 46.Kh6 Be2 47.Kg5 Bd1 48.Kf4 a4 49.bxa4 Bxa4 50.Ke3 Bd1
51.Ke4 Kd8 52.Ke3 Kc7 53.Bd3 Bg4 54.a4 Be6  1-0

[Event "Orlova Open 2012"]
[Site "Orlova CZE"]
[Date "2012.05.23"]
[Round "3.3"]
[White "Gazik,Viktor"]
[Black "Likavsky,T"]
[Result "0-1"]
[WhiteElo "2055"]
[BlackElo "2442"]

1.e4 c5 2.Nf3 e6 3.d4 cxd4 4.Nxd4 a6 5.Nc3 b5 6.Bd3 Qb6 7.Nb3 Qc7 8.O-O Bb7
9.f4 Nf6 10.Qf3 d6 11.a3 Nbd7 12.Bd2 g6 13.Kh1 Bg7 14.a4 b4 15.Ne2 Nc5 16.Ng3 h5
17.h4 Ng4 18.Ne2 f5 19.Nxc5 dxc5 20.c3 c4 21.Bb1 b3 22.Nd4 Kf7 23.Qe2 Rhe8
24.a5 Bxd4 25.cxd4 Qc6 26.e5 Red8 27.Bc3 Rac8 28.Rg1 Qe8 29.Rc1 Bc6 30.Qe1 Rd5
31.Kg1 Rcd8 32.Rd1 R8d7 33.g3 Qd8 34.Qd2 Bb5 35.Ra3 Qa8 36.Qe1 Rd8 37.Qd2 R5d7
38.Re1 Qf3 39.Qg2 Qxg2+ 40.Kxg2 Rxd4 41.Kf1 Rd1 42.Ke2 Rxe1+ 43.Kxe1 Ke8
44.Ke2 Rd5 45.Ra1 Kd7 46.Ra3 Kc6 47.Ra1 Kc5 48.Ra3 Bc6 49.Ra1 Kb5 50.Ra3 Rd7
51.Ra1 Nh2 52.Ke1 Bf3 53.Kf2 Rd1 54.Ke3 Bd5 55.Ke2 Rg1 56.Be1 Rg2+ 57.Ke3 Kc5  0-1

[Event "50th ch-IND Challengers 2012"]
[Site "Tirupati IND"]
[Date "2012.05.23"]
[Round "8.8"]
[White "Satyapragyan,S"]
[Black "Anurag,M"]
[Result "1/2-1/2"]
[WhiteElo "2451"]
[BlackElo "2295"]

1.e4 c5 2.Nf3 e6 3.d4 cxd4 4.Nxd4 a6 5.Nc3 b5 6.Bd3 Bb7 7.O-O Qc7 8.Qe2 b4
9.Na4 Nf6 10.c4 Nc6 11.Nf3 Ng4 12.g3 Nge5 13.Nxe5 Nxe5 14.Bf4 d6 15.Bxe5 dxe5
16.c5 Bc6 17.Qc2 Qa5 18.Nb6 Rb8 19.Nc4 Qxc5 20.Nxe5 Qxc2 21.Bxc2 Bb5 22.Bd3 Bd6
23.Bxb5+ Rxb5 24.Nc4 Bc7 25.Rfd1 Ke7 26.b3 Rd8 27.Rxd8 Kxd8 28.Rd1+ Ke7 29.Kf1 g5
30.h3 f5 31.exf5 Rxf5 32.Ke2 Rd5 33.Rc1 Bb8 34.Ne3 Ra5 35.Rc2 Be5 36.Nc4 Rc5
37.Rd2 Bc3 38.Rd3 Rd5 39.Rd1  1/2-1/2

[Event "50th ch-IND Challengers 2012"]
[Site "Tirupati IND"]
[Date "2012.05.24"]
[Round "9.5"]
[White "Phadke,So1"]
[Black "Sanjay,N"]
[Result "1/2-1/2"]
[WhiteElo "2266"]
[BlackElo "2343"]

1.e4 c5 2.Nf3 a6 3.Nc3 e6 4.d4 cxd4 5.Nxd4 Qc7 6.Bd3 Nf6 7.f4 Bb4 8.O-O d6
9.Kh1 Nbd7 10.Bd2 Bc5 11.Nb3 b5 12.Nxc5 Nxc5 13.e5 Nxd3 14.cxd3 dxe5 15.fxe5 Qxe5
16.Qf3 Ra7 17.Bf4 Qh5 18.Qc6+ Bd7 19.Qd6 Ra8 20.Rae1 Rc8 21.Re5 Rc6 22.Qb8+ Rc8
23.Qd6 Rc6 24.Qb8+ Rc8 25.Qd6 Rc6 26.Qb8+ Rc8  1/2-1/2

[Event "6th ENCI Limburg Open 2012"]
[Site "Limburg NED"]
[Date "2012.05.25"]
[Round "1.10"]
[White "Timmermans,I"]
[Black "Dambacher,M"]
[Result "0-1"]
[WhiteElo "2240"]
[BlackElo "2484"]

1.e4 c5 2.Nf3 e6 3.d4 cxd4 4.Nxd4 a6 5.Nc3 b5 6.Bd3 Qb6 7.Nf3 Nc6 8.e5 Qb8
9.O-O Nge7 10.Re1 Bb7 11.a3 Ng6 12.Qe2 Be7 13.b4 f5 14.Qe3 Bd8 15.Bb2 Bc7
16.Nb1 Nce7 17.Nbd2 Nd5 18.Qg5 O-O 19.Qg3 Ndf4 20.h4 d6 21.Nb3 dxe5  0-1

[Event "Vlado Andriusaicio Rapid A 2012"]
[Site "Vilnius LTU"]
[Date "2012.05.26"]
[Round "1"]
[White "Janulynas,J"]
[Black "Zagorskis,D"]
[Result "0-1"]
[WhiteElo "1805"]
[BlackElo "2493"]

1.e4 c5 2.Nf3 e6 3.d4 cxd4 4.Nxd4 a6 5.Nc3 Qc7 6.Bd3 Nf6 7.O-O Nc6 8.Nb3 Be7
9.f4 d6 10.Kh1 b5 11.f5 O-O 12.fxe6 fxe6 13.Bg5 Bd7 14.a4 b4 15.Ne2 Ne5 16.a5 Nxd3
17.cxd3 Rac8 18.Rc1 Qb7 19.Qd2 Rxc1 20.Rxc1 h6 21.Be3 e5 22.Ng3 Ng4 23.Bb6 Bg5
24.Qxb4 Bxc1 25.Nxc1 Qc6 26.Qc3 Rc8 27.h3 Qa4 28.Qb3+ Kf8 29.Nge2 Qxb3 30.Nxb3 Rc2
31.Nbc1 Nf6 32.Kg1 Rxb2 33.Kf2 Bb5 34.Ke3 d5 35.Bc5+ Kf7 36.exd5 Nxd5+ 37.Ke4 Ke6
38.Bf8 Bc6 39.Bxg7 Nc3+ 40.Ke3 Nd1+  0-1

[Event "6th ENCI Limburg Open 2012"]
[Site "Limburg NED"]
[Date "2012.05.27"]
[Round "5.5"]
[White "Vedder,H"]
[Black "Mekhitarian,K"]
[Result "1-0"]
[WhiteElo "2373"]
[BlackElo "2531"]

1.e4 c5 2.Nf3 e6 3.Nc3 a6 4.d4 cxd4 5.Nxd4 d6 6.Be3 b5 7.Bd3 Bb7 8.a4 b4
9.Nce2 Nf6 10.f3 e5 11.Nb3 d5 12.exd5 Nxd5 13.Bf2 Nd7 14.O-O Be7 15.Re1 O-O
16.Ng3 g6 17.Bc4 N5b6 18.Bf1 Qc7 19.a5 Nd5 20.Ne4 f5 21.Ned2 Rfe8 22.Nc4 Bf8
23.Qd2 Rad8 24.Rad1 N7f6 25.Qg5 Kg7 26.Qc1 h6 27.Kh1 Kh7 28.Bg1 e4 29.fxe4 Nxe4
30.Nd4 Nf4 31.Nd2 Bd6 32.N4f3 Qc6 33.Nxe4 fxe4 34.Nd4 Qc7 35.Nb3 Qe7 36.Bb6 Rc8
37.Bc5 Bxc5 38.Qxf4 Rf8 39.Qg4 Bd6 40.Nd4 Rf6 41.Qh3 Rcf8 42.Bc4 Bc8 43.Qe3 h5
44.Nf3 Rf4 45.Bd5 Bc5 46.Qe2 e3 47.Rf1 Kh6 48.c3 bxc3 49.bxc3 Qf6 50.c4 g5
51.g3 Rf5 52.Be4 g4 53.Bxf5 Bb7 54.Rd7 gxf3 55.Rh7+ Kg5 56.h4+ Kxf5 57.Qd3+ Ke5
58.Rxh5+ Ke6 59.Rxc5 f2+ 60.Kh2 Qf3 61.Rd5 Bxd5 62.cxd5+ Kd7 63.Qc4 Rc8 64.Qa4+ Kd8
65.Qd4 e2 66.Rxf2 e1=Q 67.Rxf3 Rc2+ 68.Kh3 Qe7 69.Qb6+ Kc8 70.Qxa6+ Kb8 71.Rb3+  1-0

[Event "POC-PSC National Games 2012"]
[Site "Dumaguete City PHI"]
[Date "2012.05.28"]
[Round "3.3"]
[White "Polao,Ben"]
[Black "Nolte,R"]
[Result "1-0"]
[WhiteElo "2094"]
[BlackElo "2453"]

1.e4 c5 2.Nc3 e6 3.Nf3 a6 4.d4 cxd4 5.Nxd4 d6 6.Be3 Nf6 7.f3 b5 8.Qd2 Bb7
9.O-O-O Nbd7 10.g4 Nb6 11.g5 Nfd7 12.h4 Rc8 13.h5 b4 14.Nb1 d5 15.Rg1 e5
16.Nb3 Nc4 17.Bxc4 dxc4 18.Na5 Ba8 19.g6 hxg6 20.hxg6 f6 21.b3 c3 22.Qd3 Rh3
23.Qxa6 Rxf3 24.Bb6 Bc5 25.Bxc5 Rxc5 26.Rh1 Bd5 27.Rxd5 Rxd5 28.Qe6+ Qe7
29.Qxd5 Nf8 30.Nc4 Qd7 31.Nd6+ Kd8 32.Rd1 Kc7 33.Qb7+ Kd8 34.Nf7+  1-0

[Event "Albena Masters Open 2012"]
[Site "Albena BUL"]
[Date "2012.06.01"]
[Round "7.51"]
[White "Nancheva,Doroteya"]
[Black "Petrov,Pl"]
[Result "1-0"]
[WhiteElo "1802"]
[BlackElo "1907"]

1.e4 c5 2.Nf3 e6 3.d4 cxd4 4.Nxd4 a6 5.Nc3 Qc7 6.Bd3 Nf6 7.Bg5 Be7 8.Qd2 d6
9.O-O O-O 10.Rad1 Nbd7 11.Nb3 b6 12.f4 Bb7 13.Qe2 h6 14.Bh4 Rfe8 15.Bf2 b5
16.a3 Rac8 17.Nd4 Qb8 18.Rfe1 Rxc3 19.bxc3 d5 20.e5 Ne4 21.Bxe4 dxe4 22.Nxe6 Nxe5
23.Nxg7 Kxg7 24.fxe5 Qxe5 25.Bd4 Bc5 26.Qg4+ Kh7 27.Rf1 Bxd4+ 28.cxd4 Qe7
29.d5 Bc8 30.Qf4 f5 31.d6 Qe6 32.Qe3 Rg8 33.Rf2 Rg7 34.Qd4 e3 35.Re2 Bb7
36.d7 Bf3 37.Qxg7+ Kxg7 38.d8=Q Bxe2 39.Rd7+  1-0

[Event "11th TCh-BIH Premier"]
[Site "Jahorina BIH"]
[Date "2012.06.02"]
[Round "1.3"]
[White "Mujic,H"]
[Black "Markus,Rob"]
[Result "1/2-1/2"]
[WhiteElo "2355"]
[BlackElo "2628"]

1.e4 c5 2.Nf3 e6 3.d4 cxd4 4.Nxd4 a6 5.Nc3 b5 6.Be2 Bb7 7.O-O d6 8.Bg4 b4
9.Na4 Nf6 10.c3 Nxg4 11.Qxg4 Nc6 12.a3 bxc3 13.Nxc6 Bxc6 14.Nxc3 h5 15.Qe2 h4
16.Be3 Be7 17.Rfd1 O-O 18.Rac1 Qd7 19.Bd4 Qb7 20.f4 Rfe8 21.Rc2 Rac8 22.Rcd2 Bf8
23.Bf2 Be7 24.Bd4 Bf8  1/2-1/2

[Event "11th TCh-BIH Premier w"]
[Site "Jahorina BIH"]
[Date "2012.06.03"]
[Round "2.1"]
[White "Nikolic,San"]
[Black "Sulc,G"]
[Result "1-0"]
[WhiteElo "1673"]
[BlackElo "1948"]

1.e4 c5 2.Nf3 e6 3.d4 cxd4 4.Nxd4 a6 5.Nc3 Qc7 6.a3 Nf6 7.Be2 Nc6 8.Be3 d6
9.O-O Be7 10.Nb3 O-O 11.f4 b5 12.Bf3 Bb7 13.Qe1 Nd7 14.Qf2 Bf6 15.Nd4 Na5
16.Nde2 Nc4 17.Bc1 Rac8 18.Rd1 Rfd8 19.Nd4 Nb8 20.Nce2 Nc6 21.Nxc6 Bxc6 22.c3 Qb7
23.Ng3 Bh4 24.Re1 e5 25.Rb1 a5 26.Qe2 a4 27.Rd1 Qa7+ 28.Kh1 g6 29.Nf1 exf4
30.Bxf4 Qe7 31.Nd2 Ne5 32.Bxe5 dxe5 33.Nf1 Bg5 34.Ne3 Qc5 35.Re1 Bxe3 36.Qxe3 Qxe3
37.Rxe3 Rd2 38.Kg1 Rcd8 39.Kf1 Kf8 40.Re2 f5 41.Re3 f4 42.Re2 Ke7 43.Ke1 Rxe2+
44.Kxe2 g5 45.g4 Rd6 46.Rh1 Rg6 47.h4 gxh4 48.Rxh4 h6 49.Rh5 Kd6 50.Kd3 Bd7
51.Rh4 Be6 52.Kd2 Bc4 53.Rh1 Kc5 54.Rh5 Rd6+ 55.Ke1 Rd3 56.Rh3 Re3+ 57.Kf2 Rd3
58.Rh5  1-0

[Event "Server24Chess 2012"]
[Site "Ortisei ITA"]
[Date "2012.06.04"]
[Round "3"]
[White "Baklan,V"]
[Black "Rotstein,A"]
[Result "1-0"]
[WhiteElo "2612"]
[BlackElo "2512"]

1.e4 c5 2.Nf3 e6 3.Nc3 a6 4.d4 cxd4 5.Nxd4 d6 6.g3 Nc6 7.Bg2 Bd7 8.O-O Nf6
9.Nce2 Be7 10.a4 O-O 11.c4 Rc8 12.b3 Qa5 13.Bd2 Qh5 14.h3 Nxd4 15.Nxd4 Qxd1
16.Rfxd1 g6 17.Bb4 Rfe8 18.Rd2 Kf8 19.Rad1 e5 20.Nc2 Bc6 21.Bxd6 Nxe4 22.Bxe7+ Kxe7
23.Re2 f5 24.Nb4 Rcd8 25.Nxc6+ bxc6 26.Rde1 Kd6 27.Bxe4 fxe4 28.b4 a5 29.b5 Kc5
30.Rxe4 Rd4 31.bxc6 Rxe4 32.Rxe4 Kb4 33.f4 Kxa4 34.Rxe5 Rc8 35.Rc5 Kb4 36.Rb5+ Ka4
37.Rb6 Ka3 38.Kf2 a4 39.Ke3 Ka2 40.Kd4 a3 41.Ke4  1-0

[Event "Kuna Arandu Elite"]
[Site "Luque PAR"]
[Date "2012.06.05"]
[Round "1"]
[White "Bachmann,Ax"]
[Black "Lujan,C"]
[Result "0-1"]
[WhiteElo "2566"]
[BlackElo "2367"]

1.e4 c5 2.Nc3 a6 3.Nf3 e6 4.d4 cxd4 5.Nxd4 b5 6.Bd3 Qb6 7.Nb3 Qc7 8.O-O Bb7
9.Qe2 b4 10.Nb1 Nc6 11.Be3 d6 12.a4 Nf6 13.f4 Be7 14.N1d2 O-O 15.a5 Rfe8
16.Nc4 d5 17.exd5 exd5 18.Nb6 Rab8 19.Bxa6 d4 20.Bxb7 Qxb7 21.Bf2 Bd8 22.Qc4 Ng4
23.Nc5 Qa7 24.Nbd7 Rc8 25.Qb5 Nxf2 26.Rxf2 Bxa5 27.Nb7 d3 28.Nxa5 dxc2 29.Nb6 Qxa5
30.Rxa5 c1=Q+ 31.Rf1 Qe3+ 32.Kh1 Nxa5 33.Nxc8 Rxc8 34.Qxa5 Qxf4 35.Qb5 Qc4
36.Qf5 g6 37.Qf2 b3 38.h3 h5 39.Re1 Kg7 40.Qg3 Qd5 41.Re3 Rc1+ 42.Kh2 Qd4
43.h4 Qxb2 44.Rxb3 Qa1 45.Qe3 Rc4 46.Qf2 Qe5+ 47.Kh3 Rc1  0-1

[Event "4th Rheinland-Pfalz Open 2012"]
[Site "Altenkirchen GER"]
[Date "2012.06.07"]
[Round "2.8"]
[White "Dgebuadze,A"]
[Black "Besel,W"]
[Result "1-0"]
[WhiteElo "2558"]
[BlackElo "2083"]

1.e4 c5 2.Nf3 e6 3.Nc3 a6 4.d4 cxd4 5.Nxd4 b5 6.g3 Bb7 7.Bg2 Nf6 8.Qe2 d6
9.O-O Be7 10.e5 Bxg2 11.exf6 Bxf6 12.Kxg2 Bxd4 13.Qe4 Bxc3 14.Qxa8 Bf6 15.a4 b4
16.Qb7 a5 17.Rd1 O-O 18.Bf4 d5 19.c3 bxc3 20.bxc3 Nd7 21.Bd6 Re8 22.Rac1 Qc8
23.Qb5 Be5 24.Ba3 Qc7 25.c4 d4 26.c5 Rb8 27.Qa6 Rc8 28.f4 Bf6 29.Qd6 Qa7
30.c6 Nb8 31.Kh3 h6 32.Bc5 Qa8 33.c7 Nc6 34.Qd7 Qb7 35.Bd6 Na7 36.Be5 Qf3
37.Bxf6  1-0

[Event "19th Metropolitan IM"]
[Site "Los Angeles USA"]
[Date "2012.06.08"]
[Round "5"]
[White "Amanov,Z"]
[Black "Sharma,Arun1"]
[Result "0-1"]
[WhiteElo "2401"]
[BlackElo "2331"]

1.e4 c5 2.Nf3 e6 3.Nc3 a6 4.d4 cxd4 5.Nxd4 d6 6.g3 Nf6 7.Bg2 Be7 8.O-O O-O
9.a4 Qc7 10.a5 Nc6 11.Nb3 Nd7 12.Be3 b5 13.axb6 Nxb6 14.Qe2 Ne5 15.f4 Nec4
16.Bc1 Bb7 17.g4 Rfe8 18.Qf2 Nd7 19.Kh1 Bf6 20.Nd1 g6 21.g5 Bg7 22.h4 a5
23.Nd2 Nxd2 24.Qxd2 Nc5 25.Nf2 a4 26.Ra3 Nd7 27.Rd1 Nb6 28.h5 Rec8 29.Qb4 Rab8
30.Rh3 Ba8 31.Qe1 Qxc2 32.Ng4 Nc4 33.Nf6+ Bxf6 34.gxf6 Nxb2 35.Bxb2 Rxb2
36.Bf3 Qf2 37.Qxf2 Rxf2 38.Kg1 Rb2 39.Rxd6 a3 40.Rd1 a2 41.Rh2 Rxh2 42.Kxh2 Bc6
43.h6 Ra8 44.Ra1 Kf8 45.Kg3 Ke8 46.Kh4 Kd7 47.Rd1+ Kc7 48.Ra1 Kb6 49.Bg2 Ra5
50.Bf3 Kc5 51.f5 gxf5 52.exf5 Bxf3 53.fxe6 Bd5 54.Rc1+ Kb4 55.e7 Ra8  0-1

[Event "Hustopece Rapid"]
[Site "Hustopece CZE"]
[Date "2012.06.09"]
[Round "3.1"]
[White "Movsesian,S"]
[Black "Ponizil,C"]
[Result "1/2-1/2"]
[WhiteElo "2698"]
[BlackElo "2404"]

1.Nf3 c5 2.e4 e6 3.d4 cxd4 4.Nxd4 a6 5.Nc3 b5 6.Bd3 Qb6 7.Nb3 Qc7 8.O-O Bb7
9.Qe2 d6 10.f4 Nd7 11.Kh1 Ngf6 12.Bd2 h5 13.a4 b4 14.Na2 h4 15.Bxb4 h3 16.Na5 hxg2+
17.Qxg2 Nc5 18.Nxb7 Qxb7 19.Bxc5 dxc5 20.e5 Qxg2+ 21.Kxg2 Nd5 22.Rf3 Be7
23.Re1 g5 24.fxg5 Bxg5 25.Re4 Ke7 26.h3 Bd2 27.Kh2 Rab8 28.b3 a5 29.Rf2 Be3
30.Rf3 Bd2 31.Bc4 Nb4 32.Nxb4 cxb4 33.h4 Bc3 34.Kh3 Rbg8 35.Be2 Rd8 36.Rd3 Rd5
37.Rxd5 exd5 38.Re3 Rh6 39.Bg4 Rc6 40.h5 Bd4 41.Re2 Rc3+ 42.Kh4 Re3 43.Rd2 Bxe5
44.h6 Bf6+ 45.Kh5 Re5+ 46.Bf5 Rxf5+ 47.Kg4 Re5 48.Rh2 Re4+ 49.Kf5 Re5+ 50.Kg4 Rg5+
51.Kf3 Ke6 52.h7 Bh8 53.Rh6+ Rg6 54.Rh5 Rf6+ 55.Ke3 Rf5 56.Rh6+ Rf6 57.Rh5 d4+
58.Ke4 Rg6 59.Rxa5 Rg4+ 60.Kd3 Rg3+ 61.Ke4  1/2-1/2

[Event "26th Pula Open"]
[Site "Pula CRO"]
[Date "2012.06.09"]
[Round "1.27"]
[White "Kilthau,P"]
[Black "Yakunin,A"]
[Result "0-1"]
[WhiteElo "1950"]
[BlackElo "2351"]

1.e4 c5 2.Nf3 e6 3.d4 cxd4 4.Nxd4 a6 5.Nc3 Qc7 6.Be3 Nf6 7.g3 Bb4 8.Qd3 Bxc3+
9.bxc3 Nxe4 10.c4 Qa5+ 11.Ke2 Nc5 12.Qd1 O-O 13.Nb3 Nxb3 14.axb3 Qh5+ 15.f3 d5
16.g4 Qh4 17.Bf2 Qe7 18.cxd5 exd5+ 19.Kd2 Nc6 20.Ra4 Be6 21.Kc1 b5 22.Ra1 d4
23.Bd3 Rfd8 24.Re1 Qf6 25.Kb1 Bd5 26.Be2 a5 27.Bxb5 Bxf3 28.Qd2 Nb4 29.g5 Qd6
30.Bg3 Qb6 31.Bc4 Bd5 32.Bd3 a4 33.Kb2 axb3 34.cxb3 Rxa1 35.Rxa1 Bxb3 36.Kxb3 Nxd3+
37.Kc2 Nb4+ 38.Kd1 Nd5 39.Bf2 Nc3+ 40.Ke1 Re8+ 41.Kf1 Qb5+ 42.Kg2 Qd5+ 43.Kg1 Ne2+  0-1

[Event "TCh-FRA Top 12 2012"]
[Site "Belfort FRA"]
[Date "2012.06.10"]
[Round "11.4"]
[White "Sanchez,Joseph"]
[Black "Nezar,M"]
[Result "1-0"]
[WhiteElo "2531"]
[BlackElo "2391"]

1.e4 c5 2.Nf3 e6 3.Nc3 a6 4.d4 cxd4 5.Nxd4 Qc7 6.Bd3 Nf6 7.Qe2 d6 8.O-O Nbd7
9.Bd2 Be7 10.Rae1 Nc5 11.f4 Nxd3 12.cxd3 O-O 13.Kh1 Bd7 14.e5 Ne8 15.Qh5 f5
16.exf6 Nxf6 17.Qe2 e5 18.fxe5 dxe5 19.Nf5 Bxf5 20.Rxf5 Bd6 21.h3 Qc6 22.Ref1 Rae8
23.Bg5 Nd7 24.Qg4 Bc7 25.Ne4 Rxf5 26.Rxf5 Qe6 27.Rf2 Qxg4 28.hxg4 Bb8 29.Rc2 Kf7
30.Rc3 Ke6 31.Rb3 b6 32.Be3 Bc7 33.Rc3 Rc8 34.b4 b5 35.Rc6+ Kd5 36.Rxa6 Bb8
37.Ra5 Kc6 38.Nc3 Nf6 39.Rxb5 Rd8 40.Rb6+ Kc7 41.b5 Rxd3 42.Rc6+ Kd7 43.Bg1 Nxg4
44.a4 Nf6 45.Rc4 Rd2 46.a5 Nh5 47.a6 Ng3+ 48.Kh2 Nf1+ 49.Kh3 h5 50.Ne4 Ra2
51.b6 Ra3+ 52.Kh4 Nd2 53.a7 Bxa7 54.Rc7+ Ke6 55.Rxa7 Rd3 56.Nc5+  1-0